Statystyki dla Najpopularniejsze filmy animowane Disneya

Kliknij tutaj aby rozwiązać quiz!

Ogólne statystyki

  • Ten quiz został rozwiązany 62 razy
  • Średni wynik to 15 z 37

Statystyki odpowiedzi

HintOdpowiedź% Poprawnych
2013Kraina Lodu
79%
1950Kopciuszek
75%
1991Piękna i Bestia
73%
1959Śpiąca królewna
73%
1937Królewna Śnieżka i siedmiu
krasnoludków
71%
1989Mała Syrenka
67%
1994Król Lew
65%
1998Mulan
63%
1995Pocahontas
63%
2010Zaplątani
63%
2016Vaiana: Skarb oceanu
56%
1961101 Dalmatyńczyków
54%
1992Aladyn
52%
2009Księżniczka i żaba
50%
1942Bambi
40%
1955Zakochany kundel
40%
1999Tarzan
38%
2016Zwierzogród
37%
1967Księga dżungli
35%
1997Herkules
33%
1977Przygody Kubusia Puchatka
33%
1953Piotruś Pan
29%
1941Dumbo
27%
1940Pinokio
27%
2002Lilo i Stich
25%
2003Mój brat niedźwiedź
25%
1951Alicja w Krainie Czarów
23%
2000Nowe szaty króla
23%
1996Dzwonnik z Notre Dame
21%
2001Atlantyda: Zaginiony ląd
19%
2013Wielka szóstka
19%
2008Piorun
17%
2005Kurczak Mały
15%
2002Planeta skarbów
12%
1986Wielki mysi detektyw
12%
2004Rogate ranczo
8%
2000Dinozaur
6%

Rozkład punktacji

Percentyl według liczby udzielonych odpowiedzi

Procent ludzi z każdym wynikiem

Twoja historia wyników

Nie rozwiązałeś tego quizu